| 000 | 00889nas a2200277 4500 | ||
|---|---|---|---|
| 001 | BR8902851 | ||
| 003 | BR-BrBNA | ||
| 005 | 20231205091608.0 | ||
| 007 | ta | ||
| 008 | 230509b bl.|||p| |||| 00| 00por d | ||
| 040 |
_aBR-BrBNA _bpor _cBiblioteca Nacional de Agricultura |
||
| 041 | _a(Pt) | ||
| 072 | _aL53 | ||
| 100 | 1 | _aAgostinho, C.A. | |
| 100 | 1 | _aMolinari, S.L. | |
| 100 | 1 | _aAgostinho, A.A | |
| 100 | 1 | _aVerani, J.R. | |
| 245 | 1 | _aCiclo reprodutivo e primeira maturacao sexual de femeas do lambari, Astyanax bimaculatus (L.)(Osteichthyes-Characidae)do rio Ivai, estado do Parana | |
| 650 | _aLAMBARI | ||
| 650 | _aCICLO ESTRAL | ||
| 650 | _aMATURIDADE SEXUAL | ||
| 650 | _aPARANÁ | ||
| 773 | 0 |
_tRevista Brasileira de Biologia (Brazil) _xISSN 0034-7108 _g(Feb 1984), v. 44(1) p. 31-36 _wBR8902851 |
|
| 909 |
_a202311 _bLúcia _c55 _dLúcia Elande |
||
| 942 |
_2AGRIS _n0 _cANA |
||
| 999 |
_c126073 _d126073 |
||